00743nam a2200193 4500001000700000003000900007005001700016007000300033008004100036100004000077245015400117250001200271260003100283300003300314700003200347852003100379999001900410952012000429132165ES-MaACL20230906194122.0t|070214s1977 sp r ||||1| spa d1 aRodríguez Valdés, Angel.99884810aCoplas de la decadencia española b: contubernios y cachondeos : (España 1814-1898) / cAngel Rodríguez Valdés ; ilustra: Alfredo González. a1ª ed. aMadrid : bSedmay, c1977. a211 p., 34 lám. ; c27 cm.1 aGonzález, Alfredo.958274 aES-MaACLjA-7539 bR.96179 c132165d132165 00104070aATENEOMbATENEOMcSPP1d2008-01-17eSCl0oA-7539p1137597r2023-02-23 00:00:00w2023-02-23yMONOGRAFIA